Latviešu tautas māksla

Titel: Latviešu tautas māksla / Ed. Paegle
Verfasser:
Ausgabe: Atkārtots izdevums, pirmizdevums 1935. gadā
Veröffentlicht: [Erscheinungsort nicht ermittelbar] : Autora izdevums, 2018
Format: Buch
Sprache: Lettisch
Schlagworte:
ISBN: 9789934858178
Buchumschlag
X
alg: 42752179
001A    $03004:15-03-18 
001B    $01999:07-10-22 $t18:04:43.000 
001C    $03004:15-03-18 $t09:49:40.000 
001D    $03004:05-04-18 
001U    $0utf8 
001X    $00 
002@    $0Aau 
002C    $aText $btxt $2rdacontent 
002C    $aunbewegtes Bild $bsti $2rdacontent 
002D    $aohne Hilfsmittel zu benutzen $bn $2rdamedia 
002E    $aBand $bnc $2rdacarrier 
003@    $0427521793 
004A    $A9789934858178 
007A    $0427521793 $aHEB 
010@    $alav 
010E    $erda 
011@    $a2018 
021A    $aLatviešu tautas māksla $hEd. Paegle 
028A    $BVerfasser $4aut $D20220215 $Ecgwrk $71172651485 $8Paegle, Edvards$Z1876-1960 [Tp3] $9439533430 
032@    $aAtkārtots izdevums, pirmizdevums 1935. gadā 
033A    $p[Erscheinungsort nicht ermittelbar] $nAutora izdevums 
044K    $#Lettland $#Lettland $#Latvija $#Latvijas Republika $#Lettische Republik $#Lettische SSR $#Latvijskaja SSR $74074187-4 $8Lettland [Tg1] $9085208876 
044K    $RSozialwissenschaften $RKulturwissenschaften $REthnologie $RVolkskundler $#Folklore $#Folklore $#Ethnographie $#Volkskunde $#Empirische Kulturwissenschaft $#Ethnographie Volkskunde $#Ethnografie Volkskunde $#Europäische Ethnologie $#Folklore Volkskunde $#Gegenwartsvolkskunde $#Kulturanthropologie Volkskunde $74078937-8 $8Volkskunde [Ts1] $9085224030 
044K    $RKunst $RNaive Kunst $#Folk art $#Art populaire $#Arte popolare $#Arte popular $#Volkskunst $#Bäuerliche Kunst $#Bauernkunst $#Arte plebea $74063851-0 $8Volkskunst [Ts1] $9085179000 
044K    $RKleidung $#Ethnic costume $#Costume $#Bauerntracht $#Volkstracht $#Trachten $#Festtracht $74060554-1 $8Tracht [Ts1] $9085168068 
046C    $aLatviešu Tautasmāksla $bTitel auf dem Buchumschlag 

lok: 42752179 24

exp: 42752179 24 1 #EPN
201B/01 $005-04-18 $t09:43:22.000 
201C/01 $015-03-18 
201U/01 $0utf8 
203@/01 $01019869437 
208@/01 $a15-03-18 $bz 
209A/01 $a18.02374 $du $f050 $h18 02374 $x00 
209C/01 $a18.02374 K $h18 02374 K 
209G/01 $a74103430 $x00 
220C/01 $amar 
247C/01 $8358050-7 Marburg, Bibliothek des Herder-Instituts Marburg $9102600961
LEADER 00000cam a2200000 c 4500
001 427521793
003 DE-603
005 20221007180443.0
007 tu
008 180315s2018 xx |||| | u00||u|lav c
020 |a 9789934858178 
035 |a (DE-599)HEB427521793 
040 |a DE-603  |b ger  |c DE-603  |d DE-603  |e rda 
041 |a lav 
100 1 |a Paegle, Edvards  |d 1876-1960  |e Verfasser  |4 aut  |0 (DE-603)439533430  |0 (DE-588)1172651485  |2 gnd 
245 0 0 |a Latviešu tautas māksla  |c Ed. Paegle 
246 1 |i Titel auf dem Buchumschlag  |a Latviešu Tautasmāksla 
250 |a Atkārtots izdevums, pirmizdevums 1935. gadā 
264 1 |a [Erscheinungsort nicht ermittelbar]  |b Autora izdevums  |c 2018 
336 |a Text  |b txt  |2 rdacontent 
336 |a unbewegtes Bild  |b sti  |2 rdacontent 
337 |a ohne Hilfsmittel zu benutzen  |b n  |2 rdamedia 
338 |a Band  |b nc  |2 rdacarrier 
650 7 |a Volkskunde  |0 (DE-588)4078937-8  |0 (DE-603)085224030  |2 gnd 
650 7 |a Volkskunst  |0 (DE-588)4063851-0  |0 (DE-603)085179000  |2 gnd 
650 7 |a Tracht  |0 (DE-588)4060554-1  |0 (DE-603)085168068  |2 gnd 
651 7 |a Lettland  |0 (DE-588)4074187-4  |0 (DE-603)085208876  |2 gnd 
924 0 |9 Mb 50  |a (DE-603)1019869437  |b DE-Mb50  |c HES  |d c  |g 18.02374